000 00561nam a2200193 a 4500
001 14029
003 CO-ViMGA
008 141112s2004 ck r 000 u spa d
020 _a848752009X
040 _aCO-ViMGA
_bspa
_cCO-ViMGA
082 0 4 _a372.86 R653
100 1 _aRomero G., Santiago
_920493
245 1 0 _aContenidos de educación fisica :
_bprogramas renovados, propuesta acttual
260 _aSevilla :
_bWanceulen 1993
300 _a228
590 _aForma de adquisición : Compra
650 1 4 _aeducación FISICA PARA NIÑOS
_9381
942 _2ddc
_cBK
999 _c24730
_d24730